000 00620nam a2200241Ia 4500
003 OSt
005 20220918223816.0
006 a|||||r|||| 00| 0
007 ta
008 220917b |||||||| |||| 00| 0 eng d
024 _a225,233
037 _cTextual
040 _aARTS
_cARTS
_beng
041 _2eng
_aeng
082 _aV3:17.M50<-L00, P3
100 _aColley Linda
_9146700
245 0 _aCaptives
260 _aNew York
_bPantheon Books
_c2002
300 _axvii, 438p.
_ccm.
650 _aHISTORY
942 _hV3:17.M50<-L00, P3
_cTEXL
_2CC
999 _c279516
_d279516